[Event "Vrsar Spring op"]
[Site "Vrsar"]
[Date "2024.04.01"]
[Round "6"]
[White "Grbac, Boris"]
[Black "Soldo, Dario"]
[Result "0-1"]
[WhiteElo "2004"]
[BlackElo "1958"]
[PlyCount "85"]
[EventDate "2024.04.01"]
[EventType "swiss"]
[EventRounds "9"]
[EventCountry "CRO"]
[SourceTitle "CB16_2024"]
[SourceDate "2024.04.17"]
[SourceVersion "1"]
[SourceVersionDate "2024.04.17"]
[SourceQuality "1"]

1. e4 e5 2. Nf3 Nf6 3. d4 Nxe4 4. Bd3 d5 5. Nxe5 Bd6 6. 0-0 0-0 7. c4 c6 8. cxd5 cxd5 9. Nc3 Nxc3 10. bxc3 Qc7 11. Qc2 h6 12. f4 Nc6 13. Rf3 Be7 14. Qf2 Nxe5 15. fxe5 Bg4 16. Qg3 h5 17. Rf2 Bh4 18. Qe3 Bxf2+ 19. Kxf2 f6 20. Ba3 fxe5+ 21. Bxf8 Rxf8+ 22. Kg1 e4 23. Bc2 Qf4 24. Qxf4 Rxf4 25. Rb1 b6 26. Bb3 Be6 27. Re1 Kf7 28. Re3 h4 29. g3 hxg3 30. hxg3 Rf6 31. Kg2 b5 32. Bd1 Ke7 33. Be2 Bd7 34. g4 Rf4 35. Kg3 g5 36. Bd1 Rf1 37. Bb3 Kd6 38. Kg2 Rc1 39. Rh3 Bxg4 40. Rh6+ Be6 41. Kh2 Rf1 42. Rh4 Rf4 43. Kh1 0-1

[Event "Vrsar Spring op"]
[Site "Vrsar"]
[Date "2024.04.01"]
[Round "5"]
[White "Horvat, Damjan"]
[Black "Grbac, Boris"]
[Result "1-0"]
[WhiteElo "2121"]
[BlackElo "2004"]
[PlyCount "55"]
[EventDate "2024.04.01"]
[EventType "swiss"]
[EventRounds "9"]
[EventCountry "CRO"]
[SourceTitle "CB16_2024"]
[SourceDate "2024.04.17"]
[SourceVersion "1"]
[SourceVersionDate "2024.04.17"]
[SourceQuality "1"]

1. Nf3 Nf6 2. b3 g6 3. Bb2 Bg7 4. g3 0-0 5. Bg2 d6 6. d4 Ne4 7. Nfd2 Nxd2 8. Qxd2 c5 9. c4 cxd4 10. Bxd4 Bxd4 11. Qxd4 Nc6 12. Qd2 Bf5 13. 0-0 Qd7 14. Rd1 Rad8 15. Nc3 Be6 16. h4 Ne5 17. h5 gxh5 18. Qh6 Ng4 19. Qxh5 Nf6 20. Qh4 Kh8 21. Ne4 Nxe4 22. Bxe4 Bf5 23. Bxf5 Qxf5 24. Rd5 Qe6 25. Rh5 Qg6 26. Kg2 Rg8 27. Rh1 Rg7 28. Rh6 1-0

[Event "Vrsar Spring op"]
[Site "Vrsar"]
[Date "2024.04.01"]
[Round "2"]
[White "Manschot, Thomas"]
[Black "Grbac, Boris"]
[Result "0-1"]
[WhiteElo "1929"]
[BlackElo "2004"]
[PlyCount "64"]
[EventDate "2024.04.01"]
[EventType "swiss"]
[EventRounds "9"]
[EventCountry "CRO"]
[SourceTitle "CB16_2024"]
[SourceDate "2024.04.17"]
[SourceVersion "1"]
[SourceVersionDate "2024.04.17"]
[SourceQuality "1"]

1. d4 Nf6 2. c4 g6 3. Nc3 Bg7 4. e4 d6 5. Nf3 0-0 6. Be2 e5 7. 0-0 exd4 8. Nxd4 Re8 9. f3 Nc6 10. Be3 Nh5 11. Nxc6 bxc6 12. Qd2 Qe7 13. g4 Nf6 14. Bg5 Qe5 15. Kg2 Rb8 16. Be3 Qa5 17. Bd4 Qb4 18. g5 Nh5 19. Bxg7 Nxg7 20. Rab1 Be6 21. b3 d5 22. cxd5 cxd5 23. exd5 Bxd5 24. a3 Rxe2+ 25. Qxe2 Qxc3 26. Rfc1 Qd4 27. Rd1 Qg4+ 28. Kf2 Qh4+ 29. Kf1 c6 30. Qg2 Nf5 31. Re1 Qf4 32. Kg1 Nh4 0-1

[Event "Titled Tuesday intern op 16th Jan Late"]
[Site "Chess.com INT"]
[Date "2024.01.16"]
[Round "2"]
[White "Grbac, Boris"]
[Black "Deac, Bogdan Daniel"]
[Result "0-1"]
[WhiteElo "2004"]
[BlackElo "2690"]
[PlyCount "68"]
[EventDate "2024.01.16"]
[EventType "swiss (blitz)"]
[EventRounds "11"]
[EventCountry "USA"]
[SourceTitle "CB04_2024"]
[SourceDate "2023.10.16"]
[SourceVersion "1"]
[SourceVersionDate "2023.10.16"]
[SourceQuality "1"]

1. e4 c6 2. d4 d5 3. f3 Qb6 4. Nc3 dxe4 5. Nxe4 Bf5 6. Ne2 e6 7. N2g3 Bg6 8. c3 h5 9. Bd3 h4 10. Ne2 Nd7 11. Nf4 Bf5 12. Nf2 Nh6 13. 0-0 Qc7 14. Re1 Bd6 15. Bxf5 Nxf5 16. Nxe6 fxe6 17. Rxe6+ Ne7 18. Bg5 Nf8 19. Re2 Nfg6 20. Qc2 0-0-0 21. Rae1 Rdf8 22. Ng4 h3 23. g3 Rxf3 24. Bxe7 Nxe7 25. Ne5 Rff8 26. Qe4 Bxe5 27. dxe5 Qd7 28. c4 Rd8 29. b4 Qd4+ 30. Kh1 Qxe4+ 31. Rxe4 Rhf8 32. e6 Rf2 33. Kg1 Rdd2 34. R4e2 Rdxe2 0-1

[Event "Titled Tuesday intern op 16th Jan Late"]
[Site "Chess.com INT"]
[Date "2024.01.16"]
[Round "4"]
[White "Miszler, Levente"]
[Black "Grbac, Boris"]
[Result "1-0"]
[WhiteElo "2265"]
[BlackElo "2004"]
[PlyCount "73"]
[EventDate "2024.01.16"]
[EventType "swiss (blitz)"]
[EventRounds "11"]
[EventCountry "USA"]
[SourceTitle "CB04_2024"]
[SourceDate "2023.10.16"]
[SourceVersion "1"]
[SourceVersionDate "2023.10.16"]
[SourceQuality "1"]

1. Nf3 c5 2. c4 Nc6 3. g3 e6 4. Bg2 a6 5. 0-0 Nf6 6. Nc3 Be7 7. d4 cxd4 8. Nxd4 Nxd4 9. Qxd4 0-0 10. Bf4 d5 11. cxd5 exd5 12. Rfd1 Be6 13. Nxd5 Nxd5 14. Bxd5 Bxd5 15. Qxd5 Qb6 16. Be5 Rfd8 17. Qf3 Qb5 18. Bc3 Bb4 19. Bxb4 Qxb4 20. b3 Qa3 21. Qxb7 Re8 22. e3 h6 23. Rd2 Rab8 24. Qd5 Rbd8 25. Qxd8 Rxd8 26. Rxd8+ Kh7 27. Rd2 a5 28. Rad1 a4 29. bxa4 Qxa4 30. Rc1 Qa3 31. Rc7 Kg6 32. Rdd7 Qxa2 33. Rxf7 Qb1+ 34. Kg2 Qe4+ 35. f3 Qxe3 36. Rxg7+ Kh5 37. Kh3 1-0

[Event "Titled Tuesday intern op 29th Aug Early"]
[Site "Chess.com INT"]
[Date "2023.08.29"]
[Round "9"]
[White "Ardila, Oscar Humberto"]
[Black "Grbac, Boris"]
[Result "0-1"]
[WhiteElo "1987"]
[BlackElo "2016"]
[PlyCount "122"]
[EventDate "2023.08.29"]
[EventType "swiss (blitz)"]
[EventRounds "11"]
[EventCountry "USA"]
[SourceTitle "EXT 2024"]
[Source "ChessBase"]
[SourceDate "2023.10.10"]
[SourceVersion "1"]
[SourceVersionDate "2023.10.10"]
[SourceQuality "1"]

1. d4 Nf6 2. c4 g6 3. Nc3 Bg7 4. Nf3 d6 5. e3 0-0 6. Be2 Nc6 7. 0-0 Re8 8. Qc2 e5 9. dxe5 dxe5 10. Rd1 Qe7 11. Nd5 Nxd5 12. cxd5 Nb4 13. Qc4 a5 14. a3 b5 15. Qb3 e4 16. Nd4 Nd3 17. Bxd3 exd3 18. Rxd3 Ba6 19. Nc6 Qe4 20. Rd1 b4 21. f3 Qh4 22. e4 Bb5 23. Be3 Bxc6 24. dxc6 bxa3 25. Rxa3 Reb8 26. Qd5 Rd8 27. Qb3 Rdb8 28. Qc4 Rxb2 29. Rad3 h5 30. Rd7 Rf8 31. R7d2 Rxd2 32. Rxd2 Qe1+ 33. Qf1 Qxe3+ 34. Qf2 Qxf2+ 35. Kxf2 Bf6 36. Rd5 Rd8 37. Rxa5 Rd2+ 38. Kf1 Bd4 39. Ra8+ Kg7 40. Rc8 Bb6 41. e5 Rf2+ 42. Ke1 Rxg2 43. Re8 Rxh2 44. Re7 Ra2 45. e6 Ra1+ 46. Ke2 Kf6 47. exf7 Kxe7 48. f4 Kxf7 49. f5 Kf6 50. Kf3 Kxf5 51. Kg3 Rc1 52. Kh4 Rxc6 53. Kh3 Rc4 54. Kg2 Kf4 55. Kf1 Rc2 56. Ke1 Kf3 57. Kd1 Rg2 58. Kc1 Ke3 59. Kd1 Rh2 60. Kc1 Kd3 61. Kd1 Rh1# 0-1

[Event "Titled Tuesday intern op 22nd Aug Late"]
[Site "Chess.com INT"]
[Date "2023.08.22"]
[Round "6"]
[White "Acikel, Mert"]
[Black "Grbac, Boris"]
[Result "1-0"]
[WhiteElo "2222"]
[BlackElo "2016"]
[PlyCount "71"]
[EventDate "2023.08.22"]
[EventType "swiss (blitz)"]
[EventRounds "11"]
[EventCountry "USA"]
[SourceTitle "EXT 2024"]
[Source "ChessBase"]
[SourceDate "2023.10.10"]
[SourceVersion "1"]
[SourceVersionDate "2023.10.10"]
[SourceQuality "1"]

1. e4 c5 2. c3 d6 3. d4 Nf6 4. Bd3 g6 5. Nf3 Bg7 6. h3 0-0 7. 0-0 cxd4 8. cxd4 d5 9. e5 Ne4 10. Re1 f5 11. Nbd2 e6 12. Nb3 Nc6 13. Be3 a5 14. Rc1 Nb4 15. Bb1 Bd7 16. Nc5 b6 17. Nxd7 Qxd7 18. a3 Nc6 19. Qa4 Rac8 20. Bxe4 fxe4 21. Nd2 Nxe5 22. Qxd7 Nxd7 23. b4 axb4 24. axb4 b5 25. f3 exf3 26. Nxf3 Nb6 27. Rc5 Nc4 28. Bf2 Rb8 29. Rxe6 Rf4 30. Rxd5 Nb2 31. Bg3 Rbf8 32. Bxf4 Rxf4 33. Rd8+ Bf8 34. d5 Kf7 35. Ng5+ Kg8 36. Ree8 1-0

[Event "Vrsar op"]
[Site "Vrsar"]
[Date "2023.04.27"]
[Round "3"]
[White "Fattorich, Igor"]
[Black "Grbac, Boris"]
[Result "1/2-1/2"]
[WhiteElo "1856"]
[BlackElo "2039"]
[PlyCount "23"]
[EventDate "2023.04.25"]
[EventType "swiss"]
[EventRounds "9"]
[EventCountry "CRO"]
[SourceTitle "CBM 214 Extra"]
[Source "ChessBase"]
[SourceDate "2023.07.31"]
[SourceVersion "1"]
[SourceVersionDate "2023.07.31"]
[SourceQuality "1"]

1. d4 c5 2. c3 e6 3. Nf3 Nf6 4. Bf4 d5 5. e3 Bd6 6. Bg3 0-0 7. Nbd2 cxd4 8. exd4 Nc6 9. Bd3 Re8 10. Ne5 Bf8 11. 0-0 g6 12. Bh4 1/2-1/2

[Event "Vrsar op"]
[Site "Vrsar"]
[Date "2023.04.26"]
[Round "2"]
[White "Grbac, Boris"]
[Black "Jocev, Milan"]
[Result "0-1"]
[WhiteElo "2039"]
[BlackElo "2301"]
[PlyCount "52"]
[EventDate "2023.04.25"]
[EventType "swiss"]
[EventRounds "9"]
[EventCountry "CRO"]
[SourceTitle "CBM 214 Extra"]
[Source "ChessBase"]
[SourceDate "2023.07.31"]
[SourceVersion "1"]
[SourceVersionDate "2023.07.31"]
[SourceQuality "1"]

1. e4 e5 2. Nf3 Nc6 3. d4 exd4 4. Bc4 Nf6 5. e5 Ne4 6. 0-0 Be7 7. c3 d5 8. Bb3 0-0 9. h3 dxc3 10. bxc3 Be6 11. Qe2 Bc5 12. Be3 Qe7 13. Bc2 Bf5 14. Nd4 Bg6 15. Bxe4 dxe4 16. Qb5 Nxe5 17. Nf5 Bxf5 18. Bxc5 Qg5 19. Be3 Nf3+ 20. Kh1 Qh5 21. Nd2 c6 22. Qc5 b6 23. Qd6 Rad8 24. Qf4 Rxd2 25. gxf3 Qxh3+ 26. Qh2 Qxf3+ 0-1

[Event "CRO-chT1B 30th"]
[Site "Porec"]
[Date "2022.10.02"]
[Round "9.55"]
[White "Tomerlin, Sinisa"]
[Black "Grbac, Boris"]
[Result "0-1"]
[WhiteElo "2184"]
[BlackElo "2060"]
[PlyCount "86"]
[EventDate "2022.09.24"]
[EventType "team-tourn"]
[EventRounds "9"]
[EventCountry "CRO"]
[SourceTitle "CBM 210 Extra"]
[Source "ChessBase"]
[SourceDate "2022.11.30"]
[SourceVersion "1"]
[SourceVersionDate "2022.11.30"]
[SourceQuality "1"]
[WhiteTeam "Pozega"]
[BlackTeam "Porec Gortan"]
[WhiteTeamCountry "CRO"]
[BlackTeamCountry "CRO"]

1. Nf3 c5 2. g3 d5 3. Bg2 Nc6 4. d3 e5 5. 0-0 Nf6 6. Nc3 Be7 7. Bg5 0-0 8. Nd2 Be6 9. e4 d4 10. Bxf6 Bxf6 11. Nd5 Bg5 12. f4 exf4 13. Nxf4 Ne5 14. h3 Bd7 15. Nf3 Bxf4 16. gxf4 Nxf3+ 17. Qxf3 f5 18. e5 Bc6 19. Qg3 Bxg2 20. Qxg2 Qb6 21. b3 Rae8 22. Rf3 Kh8 23. Rg3 Rg8 24. Kh2 Qh6 25. Rg5 Qh4 26. Rf1 g6 27. Qd5 b6 28. e6 h6 29. Qe5+ Kh7 30. Rg2 Rg7 31. Rfg1 Qe7 32. Re2 Qc7 33. h4 Qxe5 34. Rxe5 h5 35. a3 Rge7 36. Rge1 Kg7 37. b4 cxb4 38. axb4 Kf6 39. Ra1 Rc8 40. Ra2 Rcc7 41. Rd5 Rxe6 42. Rxd4 Re2+ 43. Kg3 Rce7 0-1

[Event "CRO-chT1B 30th"]
[Site "Porec"]
[Date "2022.09.24"]
[Round "1.14"]
[White "Petrov, Jole"]
[Black "Grbac, Boris"]
[Result "1-0"]
[WhiteElo "2370"]
[BlackElo "2060"]
[PlyCount "75"]
[EventDate "2022.09.24"]
[EventType "team-tourn"]
[EventRounds "9"]
[EventCountry "CRO"]
[SourceTitle "CBM 210 Extra"]
[Source "ChessBase"]
[SourceDate "2022.11.30"]
[SourceVersion "1"]
[SourceVersionDate "2022.11.30"]
[SourceQuality "1"]
[WhiteTeam "Rijeka Rijeka"]
[BlackTeam "Porec Gortan"]
[WhiteTeamCountry "CRO"]
[BlackTeamCountry "CRO"]

1. Nf3 Nf6 2. c4 d5 3. d4 c6 4. cxd5 cxd5 5. Nc3 e6 6. Bf4 Be7 7. e3 a6 8. Bd3 Nbd7 9. Ne5 Nxe5 10. Bxe5 0-0 11. 0-0 Bd7 12. Qf3 Bc6 13. Rfc1 Rc8 14. Rc2 Nd7 15. Bf4 f5 16. Qg3 Rf7 17. f3 Bf6 18. Rac1 g5 19. Ne2 Kh8 20. Bd6 Nf8 21. Be5 Ng6 22. Bxf6+ Qxf6 23. Bxa6 Rg8 24. Bd3 f4 25. Qf2 Nh4 26. b4 e5 27. dxe5 Qxe5 28. exf4 gxf4 29. Qxh4 Qe3+ 30. Qf2 Qxd3 31. Qd4+ Qxd4+ 32. Nxd4 Bd7 33. Rc7 Rfg7 34. R1c2 h5 35. h4 Ba4 36. Rxg7 Rxg7 37. Rc8+ Kh7 38. b5 1-0

[Event "CRO-chT2 Qual 1B Liga"]
[Site "Trogir"]
[Date "2021.11.21"]
[Round "3.2"]
[White "Starcevic, Ante Leon"]
[Black "Grbac, Boris"]
[Result "1-0"]
[WhiteElo "2257"]
[BlackElo "2117"]
[PlyCount "98"]
[EventDate "2021.11.19"]
[EventType "team-tourn"]
[EventRounds "3"]
[EventCountry "CRO"]
[SourceTitle "EXT 2023"]
[Source "ChessBase"]
[SourceDate "2022.10.05"]
[SourceVersion "1"]
[SourceVersionDate "2022.10.05"]
[SourceQuality "1"]
[WhiteTeam "Sveta Nedelja"]
[BlackTeam "Porec Gortan"]
[WhiteTeamCountry "CRO"]
[BlackTeamCountry "CRO"]

1. Nf3 Nf6 2. g3 d5 3. Bg2 c6 4. b3 Bf5 5. Bb2 h6 6. d3 e6 7. 0-0 Be7 8. Nbd2 Nbd7 9. Qe1 0-0 10. h3 Bh7 11. Kh2 a5 12. a3 Qc7 13. e4 dxe4 14. dxe4 Nc5 15. Ne5 Nfd7 16. Nxd7 Nxd7 17. f4 e5 18. f5 Rfd8 19. Rd1 Kh8 20. Nc4 f6 21. Rf2 Bg8 22. Ne3 a4 23. b4 Nb6 24. Bf1 Rxd1 25. Qxd1 Rd8 26. Rd2 Rxd2+ 27. Qxd2 Qd6 28. Qxd6 Bxd6 29. c4 c5 30. b5 Bf7 31. Kg2 Kg8 32. Bc3 Kf8 33. Ba5 Bc7 34. Kf2 Ke8 35. Ke1 Kd7 36. Bd2 Nc8 37. Ke2 Nd6 38. Kd3 g6 39. g4 gxf5 40. gxf5 h5 41. h4 Bd8 42. Be2 Be7 43. Bd1 Bf8 44. Bxa4 Bh6 45. Bb3 Bf4 46. Nf1 Bxd2 47. Nxd2 Kc7 48. Nf3 b6 49. a4 Kb7 1-0